Das Selbstbestimmungsrecht des Jugendlichen im Spannungsfeld von Familie, Gesellschaft und Staat
| Otros Autores: | |
|---|---|
| Tipo de documento: | Print Libro |
| Lenguaje: | Alemán |
| Publicado: |
Bielefeld
Gieseking
1978
|
| En: |
Industriegesellschaft und Recht (10)
Año: 1978 |
| Disponibilidad en Tübingen: | Disponible en Tübingen. IFK: N XIII 167 |
| Verificar disponibilidad: | HBZ Gateway |
| Servicio de pedido Subito: | Pedir ahora. |
| Palabras clave: |
MARC
| LEADER | 00000cam a2200000 c 4500 | ||
|---|---|---|---|
| 001 | 023771518 | ||
| 003 | DE-627 | ||
| 005 | 20260206194028.0 | ||
| 007 | tu | ||
| 008 | 710101s1978 gw ||||| 00| ||ger c | ||
| 015 | |a 79,A25,0277 |2 dnb | ||
| 016 | 7 | |a 790248174 |2 DE-101 | |
| 020 | |a 3769404106 |9 3-7694-0410-6 | ||
| 035 | |a (DE-627)023771518 | ||
| 035 | |a (DE-603)046812555 | ||
| 035 | |a (DE-576)006839940 | ||
| 035 | |a (DE-599)GBV023771518 | ||
| 035 | |a (OCoLC)05618031 | ||
| 035 | |a (DE-604)8032994613 | ||
| 040 | |a DE-627 |b ger |c DE-627 |e rakwb | ||
| 041 | |a ger | ||
| 044 | |c XA-DE | ||
| 050 | 0 | |a LAW | |
| 084 | |a S 602 |2 sfb | ||
| 084 | |a S 947 |2 sfb | ||
| 084 | |a S 905 |2 sfb | ||
| 084 | |a S 614 |2 sfb | ||
| 084 | |a R 175 |2 sfb | ||
| 084 | |a R 460 (99) |2 sfb | ||
| 084 | |a ERD 139 |2 sfb | ||
| 084 | |a 05b |a 04a |2 sdnb | ||
| 084 | |a 2 |2 ssgn | ||
| 084 | |a MS 2150 |2 rvk |0 (DE-625)rvk/123632: | ||
| 084 | |a LB 43465 |2 rvk |0 (DE-625)rvk/90552:914 | ||
| 084 | |a LB 43420 |2 rvk |0 (DE-625)rvk/90552:903 | ||
| 084 | |a PQ 5370 |2 rvk |0 (DE-625)rvk/139285: | ||
| 084 | |a MS 2300 |2 rvk |0 (DE-625)rvk/123635: | ||
| 084 | |a PI 3220 |2 rvk |0 (DE-625)rvk/136597: | ||
| 084 | |a PI 5020 |2 rvk |0 (DE-625)rvk/136634: | ||
| 084 | |a PD 7860 |2 rvk |0 (DE-625)rvk/135385: | ||
| 084 | |a 86.22 |2 bkl | ||
| 245 | 0 | 4 | |a Das Selbstbestimmungsrecht des Jugendlichen im Spannungsfeld von Familie, Gesellschaft und Staat |c von Evelyn Kühn ... |
| 264 | 1 | |a Bielefeld |b Gieseking |c 1978 | |
| 300 | |a 495 S |c 22 cm | ||
| 336 | |a Text |b txt |2 rdacontent | ||
| 337 | |a ohne Hilfsmittel zu benutzen |b n |2 rdamedia | ||
| 338 | |a Band |b nc |2 rdacarrier | ||
| 490 | 1 | |a Industriegesellschaft und Recht |v 10 | |
| 500 | |a Literaturangaben | ||
| 505 | 8 | |a Literaturverz. S. 476 - 483 | |
| 505 | 8 | |a Literaturverz. S. 476 - 483 | |
| 650 | 0 | 7 | |0 (DE-588)4162863-9 |0 (DE-627)105459062 |0 (DE-576)209876735 |a Jugendsoziologie |2 gnd |
| 650 | 0 | 7 | |0 (DE-588)4138634-6 |0 (DE-627)105641227 |0 (DE-576)20968772X |a Stamm |g Ethnologie |2 gnd |
| 650 | 0 | 7 | |0 (DE-588)4030550-8 |0 (DE-627)104360100 |0 (DE-576)208988165 |a Kind |2 gnd |
| 650 | 0 | 7 | |0 (DE-588)4028892-4 |0 (DE-627)106276573 |0 (DE-576)208979980 |a Jugendhilfe |2 gnd |
| 650 | 0 | 7 | |0 (DE-588)4016397-0 |0 (DE-627)104427175 |0 (DE-576)208915818 |a Familie |2 gnd |
| 650 | 0 | 7 | |0 (DE-588)4028925-4 |0 (DE-627)106276484 |0 (DE-576)208980091 |a Jugendrecht |2 gnd |
| 650 | 0 | 7 | |0 (DE-588)4028859-6 |0 (DE-627)104419199 |0 (DE-576)208979859 |a Jugend |2 gnd |
| 650 | 0 | 7 | |0 (DE-588)4133736-0 |0 (DE-627)105677930 |0 (DE-576)209646411 |a Familiensoziologie |2 gnd |
| 650 | 4 | |a Bildungsrecht | |
| 650 | 4 | |a Staatliches Erziehungsrecht | |
| 650 | 4 | |a Jugendsoziologie | |
| 650 | 4 | |a Jugendpolitik | |
| 650 | 4 | |a Kind | |
| 650 | 4 | |a Jugend | |
| 650 | 4 | |a Jugendrecht | |
| 650 | 4 | |a Kind / Recht | |
| 650 | 4 | |a Primitive Gesellschaft | |
| 650 | 4 | |a Privatautonomie | |
| 653 | 0 | |a Children |a Legal status, laws, etc |a Germany (West) | |
| 653 | 0 | |a Children |a Legal status, laws, etc | |
| 653 | 0 | |a Parent and child (Law) |a Germany (West) | |
| 653 | 0 | |a Parent and child (Law) | |
| 653 | 0 | |a Sociological jurisprudence | |
| 689 | 0 | 0 | |d g |0 (DE-588)4011889-7 |0 (DE-627)104732423 |0 (DE-576)208896201 |a Deutschland |g Bundesrepublik |2 gnd |
| 689 | 0 | 1 | |d s |0 (DE-588)4030550-8 |0 (DE-627)104360100 |0 (DE-576)208988165 |a Kind |2 gnd |
| 689 | 0 | 2 | |d s |0 (DE-588)4028859-6 |0 (DE-627)104419199 |0 (DE-576)208979859 |a Jugend |2 gnd |
| 689 | 0 | 3 | |d s |0 (DE-588)4054390-0 |0 (DE-627)106162918 |0 (DE-576)209108495 |a Selbstbestimmungsrecht |2 gnd |
| 689 | 0 | 4 | |d s |0 (DE-588)4028892-4 |0 (DE-627)106276573 |0 (DE-576)208979980 |a Jugendhilfe |2 gnd |
| 689 | 0 | |5 (DE-627) | |
| 700 | 1 | |a Kühn, Evelyn |e Hrsg. |4 edt | |
| 830 | 0 | |a Industriegesellschaft und Recht |v 10 |9 10 |w (DE-627)129426679 |w (DE-576)004518136 |w (DE-600)191676-2 |7 am | |
| 935 | |i Blocktest | ||
| 935 | |h HEB |i 0501 | ||
| 935 | |h HEB |i 0503 | ||
| 936 | r | v | |a MS 2150 |b Allgemeine Darstellungen |k Soziologie |k Spezielle Soziologien |k Jugendsoziologie |k Allgemeine Darstellungen |0 (DE-627)1270710710 |0 (DE-625)rvk/123632: |0 (DE-576)200710710 |
| 936 | r | v | |a LB 43465 |b Afrika insgesamt |k Sozial- und Kulturanthropologie. Empirische Kulturwissenschaft |k Soziale und politische Organisation und Praxis |k Lebenszyklus |k Lebenszyklus |k Afrika |k Afrika insgesamt |0 (DE-627)1274582598 |0 (DE-625)rvk/90552:914 |0 (DE-576)204582598 |
| 936 | r | v | |a LB 43420 |b Indonesien, Malaysia, Singapur, Brunei, Osttimor |k Sozial- und Kulturanthropologie. Empirische Kulturwissenschaft |k Soziale und politische Organisation und Praxis |k Lebenszyklus |k Lebenszyklus |k Asien (ohne GUS) |k Südostasien |k Indonesien, Malaysia, Singapur, Brunei, Osttimor |0 (DE-627)1398838594 |0 (DE-625)rvk/90552:903 |0 (DE-576)328838594 |
| 936 | r | v | |a PQ 5370 |b Einzeldarstellungen (bis 1990) |k Rechtswissenschaft |k Sozialrecht |k Besonderes Sozialrecht innerhalb der SGB |k SGB VIII: Kinder- und Jugendhilfe |k Einzeldarstellungen (bis 1990) |0 (DE-627)1384302743 |0 (DE-625)rvk/139285: |0 (DE-576)314302743 |
| 936 | r | v | |a MS 2300 |b Jugend und Politik |k Soziologie |k Spezielle Soziologien |k Jugendsoziologie |k Jugend und Politik |0 (DE-627)127072276X |0 (DE-625)rvk/123635: |0 (DE-576)20072276X |
| 936 | r | v | |a PI 3220 |b Einzelne Institutionen (Familie, Eigentum, Elternrecht usw.) sowie Grundbegriffe zu mehreren Rechtsgebieten |k Rechtswissenschaft |k Allgemeine Rechtslehre und Rechtstheorie, Rechts- und Staatsphilosophie, Rechtssoziologie |k Kategorien, Institutionen, Formen, Systematik, Grundbegriffe des Rechts |k Einzelne Institutionen (Familie, Eigentum, Elternrecht usw.) sowie Grundbegriffe zu mehreren Rechtsgebieten |0 (DE-627)1271266148 |0 (DE-625)rvk/136597: |0 (DE-576)201266148 |
| 936 | r | v | |a PI 5020 |b Einzeldarstellungen |k Rechtswissenschaft |k Allgemeine Rechtslehre und Rechtstheorie, Rechts- und Staatsphilosophie, Rechtssoziologie |k Rechtssoziologie, Rechtstatsachenforschung |k Einzeldarstellungen |0 (DE-627)1271266474 |0 (DE-625)rvk/136634: |0 (DE-576)201266474 |
| 936 | r | v | |a PD 7860 |b Elterliche Sorge, Erziehungsrecht, Religiöse Kindererziehung, Umgangsrecht, Pflegekindschaft |k Rechtswissenschaft |k Bürgerliches Recht, Privatrecht allgemein |k Familienrecht |k Kindschaftsrecht |k Elterliche Sorge, Erziehungsrecht, Religiöse Kindererziehung, Umgangsrecht, Pflegekindschaft |0 (DE-627)1271194880 |0 (DE-625)rvk/135385: |0 (DE-576)201194880 |
| 936 | b | k | |a 86.22 |j Familienrecht |q coli-conc RVK->BK |q https://coli-conc.gbv.de/api/mappings/43475976-dfe4-45ac-baba-38749f42cb5e |0 (DE-627)106413406 |
| 936 | s | n | |a m200 |2 mzub |
| 936 | s | n | |a p100 |2 mzub |
| 951 | |a BO | ||
| ELC | |b 1 | ||
| LOK | |0 000 xxxxxcx a22 zn 4500 | ||
| LOK | |0 001 3133837834 | ||
| LOK | |0 003 DE-627 | ||
| LOK | |0 004 023771518 | ||
| LOK | |0 005 20020607000000 | ||
| LOK | |0 008 930222||||||||||||||||ger||||||| | ||
| LOK | |0 040 |a DE-21-110 |c DE-627 |d DE-21-110 | ||
| LOK | |0 852 |a DE-21-110 | ||
| LOK | |0 852 1 |c N XIII 167 |m p |9 00 | ||
| LOK | |0 935 |a k110 | ||
| LOK | |0 936ln |a 8.7.8 | ||
| LOK | |0 938 |k p | ||
| LOK | |0 939 |a 22-02-93 |b l01 | ||
| ORI | |a SA-MARC-krimdoka001.raw | ||
| SIG | |a IFK: N XIII 167 | ||
| TIM | |a 100019490523_100019901002 |b 1949-05-23 - 1990-10-02 | ||
